| 000 | 00447nam a2200157Ia 4500 | ||
|---|---|---|---|
| 008 | 210716s2011 xx 000 0 und d | ||
| 020 | _a9780071077705 | ||
| 041 | _aeng | ||
| 082 | _a004.65 GODA | ||
| 100 | _aGodbole, Achyut S; Kahate, Atul. | ||
| 245 | _aData communications and networks. | ||
| 250 | _a2 | ||
| 260 |
_aNew Delhi _bTata McGraw Hill Education Private Limited _c2011 |
||
| 300 | _axviii,540 | ||
| 650 | _aComputer Network(004.6) | ||
| 999 |
_c192805 _d192805 |
||